Online
Catalog

El padre Buggenoms / (Record no. 20546)

MARC details
000 -CABECERA
campo de control de longitud fija 01184nam a2200325 a 4500
001 - NÚMERO DE CONTROL
campo de control 000021043
003 - IDENTIFICADOR DEL NÚMERO DE CONTROL
campo de control DO-SdBNP
005 - FECHA Y HORA DE LA ÚLTIMA TRANSACCIÓN
campo de control 20240520190011.0
007 - CAMPO FIJO DE DESCRIPCIÓN FÍSICA--INFORMACIÓN GENERAL
campo de control de longitud fija ta
008 - DATOS DE LONGITUD FIJA--INFORMACIÓN GENERAL
campo de control de longitud fija 100830s1991 dr ac r 001 0bspa d
040 ## - FUENTE DE LA CATALOGACIÓN
Centro catalogador/agencia de origen DO-SdBNP
Lengua de catalogación spa
Centro/agencia transcriptor BNPHU
082 #4 - NÚMERO DE LA CLASIFICACIÓN DECIMAL DEWEY
Número de edición 22
Número de clasificación 291.092
Número de documento/Ítem B931b
100 1# - ENTRADA PRINCIPAL--NOMBRE DE PERSONA
Nombre de persona Boni, Armando
9 (RLIN) 44017
245 13 - MENCIÓN DE TÍTULO
Título El padre Buggenoms /
Mención de responsabilidad, etc. Armando Boni ; selección Rafael Bello Peguero ; presentación Francisco José Arnáis.
260 ## - PUBLICACIÓN, DISTRIBUCIÓN, ETC.
Lugar de publicación, distribución, etc. Santo Domingo :
Nombre del editor, distribuidor, etc. Amigo del Hogar,
Fecha de publicación, distribución, etc. 1991.
300 ## - DESCRIPCIÓN FÍSICA
Extensión 110 p. ;
Dimensiones 24 cm.
490 1# - MENCIÓN DE SERIE
Mención de serie Hombres de Iglesia
Designación de volumen o secuencia 8
490 1# - MENCIÓN DE SERIE
Mención de serie Quinto Centenario
504 ## - NOTA DE BIBLIOGRAFÍA, ETC.
Nota de bibliografía, etc. Incluye referencias bibliográficas y notas al pie de las páginas.
590 ## - NOTA LOCAL (RLIN)
Nota local Inventariado, 2018 /VM
600 10 - PUNTO DE ACCESO ADICIONAL DE MATERIA--NOMBRE DE PERSONA
Nombre de persona Buggenoms, Louis Nicolás, Joseph de,
Títulos y otros términos asociados al nombre Padre,
Fechas asociadas al nombre 1816-1882
9 (RLIN) 44018
650 10 - PUNTO DE ACCESO ADICIONAL DE MATERIA--TÉRMINO DE MATERIA
Término de materia o nombre geográfico como elemento de entrada Clero
9 (RLIN) 19068
650 14 - PUNTO DE ACCESO ADICIONAL DE MATERIA--TÉRMINO DE MATERIA
Término de materia o nombre geográfico como elemento de entrada Iglesia católica
Subdivisión geográfica República Dominicana
Subdivisión general Historia
9 (RLIN) 358
700 1# - PUNTO DE ACCESO ADICIONAL--NOMBRE DE PERSONA
Nombre de persona Bello Peguero, Rafael,
Fechas asociadas al nombre 1932-2022
Término indicativo de función/relación sel.
9 (RLIN) 2405
700 1# - PUNTO DE ACCESO ADICIONAL--NOMBRE DE PERSONA
Nombre de persona Arnáis, Francisco José,
Término indicativo de función/relación presentación
9 (RLIN) 44019
830 #0 - PUNTO DE ACCESO ADICIONAL DE SERIE-TÍTULO UNIFORME
Título uniforme Hombres de Iglesia
Número de parte o sección de la obra 8
9 (RLIN) 44020
830 #0 - PUNTO DE ACCESO ADICIONAL DE SERIE-TÍTULO UNIFORME
Título uniforme Quinto Centenario
9 (RLIN) 16591
910 ## - DATOS DE OPCIÓN DEL USUARIO (OCLC)
Datos de opción del usuario Validado. Control de calidad. EMS
942 ## - ELEMENTOS DE PUNTO DE ACCESO ADICIONAL (KOHA)
Fuente del sistema de clasificación o colocación Dewey Decimal Classification
Tipo de ítem Koha Libro
Holdings
Estado de retiro Estado de pérdida Fuente del sistema de clasificación o colocación No para préstamo Código de colección Localización permanente Ubicación/localización actual Ubicación en estantería Fecha de adquisición Número de inventario Total de préstamos Signatura topográfica completa Código de barras Fecha visto por última vez Precio válido a partir de Tipo de ítem Koha Nota pública Restricciones de uso Número de copia
    Dewey Decimal Classification Préstamo en sala Patrimonio Dominicano Biblioteca Nacional Pedro Henríquez Ureña Dominicana Depósito 11.10.2018 LF1   BNPHU DS 291.092 B931b 21043-60 25.06.2020 25.06.2020 Libro y Folleto Colección Patrimonio Dominicano Perteneció a la biblioteca personal de la familia Reyes Duluc.    
    Dewey Decimal Classification Préstamo en sala Dominicana de Servicio Biblioteca Nacional Pedro Henríquez Ureña Dominicana Depósito 06.09.2010 LF1   BNPHU DS 291.092 B931b 21043-50 25.06.2020 25.06.2020 Libro y Folleto Colección Dominicana de Servicio     e. 4
        Dominicana de Servicio General General Depósito 30.08.2010 LF1   291.092 B931b 21043-30 25.06.2020 25.06.2020 Libro y Folleto Colección Dominicana de Servicio     e. 3
    Dewey Decimal Classification Excluido de préstamo Patrimonio Dominicano Biblioteca Nacional Pedro Henríquez Ureña Patrimonio Dominicano Depósito 30.08.2010 LF1   BNPHU PD 291.092 B931b 21043-10 25.06.2020 25.06.2020 Libro y Folleto Colección Patrimonio Dominicano      
    Dewey Decimal Classification Excluido de préstamo Patrimonio Dominicano Biblioteca Nacional Pedro Henríquez Ureña Patrimonio Dominicano Depósito 30.08.2010 LF1   BNPHU PD 291.092 B931b 21043-20 25.06.2020 25.06.2020 Libro y Folleto Colección Patrimonio Dominicano     e. 2

Powered by Koha